Porto Players Quiz - Statistics

General Stats
  • This quiz has been taken 127 times
    33 since last reset
  • The average score is 22 of 34
Answer Stats
# Nation Player % Correct
11 Brazil Pepê
97%
99 Portugal Diogo Costa
93%
86 Portugal Rodrigo Mora
90%
6 Canada Stephen Eustáquio
90%
12 Nigeria Zaidu Sanusi
90%
22 Argentina Alan Varela
87%
19 United Kingdom (England) Danny Namaso
87%
4 Brazil Otávio
87%
13 Brazil Galeno
83%
27 Sweden Deniz Gül
80%
8 Serbia Marko Grujić
77%
24 Argentina Nehuén Pérez
77%
5 Spain Iván Marcano
73%
74 Portugal Francisco Moura
70%
23 Portugal João Mário
70%
16 Spain Nico González
70%
94 Brazil Samuel Portugal
70%
14 Portugal Cláudio Ramos
67%
15 Portugal Vasco Sousa
67%
70 Portugal Gonçalo Borges
63%
9 Spain Samu Omorodion
63%
52 Portugal Martim Fernandes
60%
18 Brazil Wendell
60%
97 Portugal Zé Pedro
60%
20 Portugal André Franco
57%
10 Portugal Fábio Vieira
57%
17 Spain Iván Jaime
57%
3 Portugal Tiago Djaló
50%
49 Portugal Gonçalo Sousa
43%
51 Portugal Diogo Fernandes
33%
21 Spain Fran Navarro
27%
73 Portugal Gabriel Brás
23%
91 Portugal Gonçalo Ribeiro
17%
84 Portugal Martim Cunha
10%
No matching quizzes found
Score Distribution
Percent of People with Each Score
Percentile by Number Answered
Your Score History
You have not taken this quiz since the last reset